000 00358nam a2200109Ia 4500
008 230907s9999||||xx |||||||||||||| ||und||
082 _a621.5
_bADV
245 0 _aAdvanced measurement techniques for aero engines and stationary gas turbines /
260 _aVon Kamran Institute for Fluid Dynamics,
_bBelgium :
_c2004
300 _avarious pages. :
942 _cBK
999 _c598224
_d598224